Statistiken für Länder in verschiedenen Sprachen

Klicken Sie hier um das Quiz zu spielen!

Allgemein

  • Dieses Quiz wurde 82 mal gespielt
    (55 seit der letzten Aktualisierung)
  • Das Durchschnittsergebnis liegt bei 8 aus 15

Antwortstatistiken

SchpracheNameLänd% Korrekt
AfrikaansNieu-SeelandNeuseeland
94%
ItalianMessicoMexiko
89%
IndonesianJepangJapan
85%
BelarusianЛетува (Letuwa)Litauen
72%
DanishHvideruslandBelarus
66%
FrenchPays-BasNiederlande
64%
UkrainianУгорщина (Ugorschyna)Ungarn
53%
EstonianSoomeFinnland
51%
Mandarin俄罗斯 (É Luó Sī)Russland
49%
PolishStany ZjednoczoneVereinigte Staaten
40%
SlovenianTalianskoItalien
32%
BulgarianОбединено кралство (Obedineno kralstwo)Vereinigtes Königreich
30%
TurkishKuzey KoreNordkorea
26%
RussianЧерногория (Tschernogorija)Montenegro
15%
MalagasyMaorisyMauritius
11%

Verteilung der Resultate

Perzentil nach korrekt beantworteten Fragen

Anzahl Personen mit jedem Resultat

Ihre Resultats-Entwicklung

Sie haben dieses Quiz seit der letzten Aktualisierung nicht gespielt